[Event "Clichy Masters 13th"]
[Site "Clichy"]
[Date "2001.12.23"]
[Round "9"]
[White "Kirszenberg, Marc"]
[Black "Vanobbergh, Gregory"]
[Result "1-0"]
[WhiteElo "2214"]
[BlackElo "2105"]
[PlyCount "93"]
[EventDate "2001.12.15"]
[EventType "tourn"]
[EventRounds "9"]
[EventCountry "FRA"]
[EventCategory "3"]
[SourceTitle "CBM 085 Extra"]
[Source "ChessBase"]
[SourceDate "2002.01.21"]
[SourceVersion "1"]
[SourceVersionDate "2002.01.21"]
[SourceQuality "1"]

1. d4 d5 2. Nf3 Nf6 3. c4 e6 4. cxd5 exd5 5. Bg5 c6 6. Nc3 Be7 7. Qc2 Qb6 8. Bxf6 Bxf6 9. Nxd5 cxd5 10. Qxc8+ Bd8 11. Qc3 Be7 12. Qc8+ Bd8 13. Qc3 Be7 14. a3 0-0 15. e3 Nc6 16. Be2 a5 17. 0-0 Rac8 18. Rac1 Bf6 19. Qd2 Rfe8 20. Rc5 Red8 21. Rfc1 Be7 22. R5c3 Bd6 23. g3 Na7 24. Ng5 h6 25. Rxc8 Rxc8 26. Rxc8+ Nxc8 27. Qc2 hxg5 28. Qxc8+ Bf8 29. Bf3 Qxb2 30. Bxd5 Qxa3 31. Qxb7 Be7 32. Qc8+ Bf8 33. Qf5 Qe7 34. Bb3 Qb7 35. Ba2 a4 36. Qe5 a3 37. Qf5 Qc7 38. h4 Bd6 39. Kg2 Kf8 40. h5 Qb7+ 41. Kh2 Qe7 42. e4 f6 43. e5 Bb4 44. g4 Qc7 45. Qe6 fxe5 46. Qg8+ Ke7 47. Qxg7+ 1-0

[Event "Clichy Masters 13th"]
[Site "Clichy"]
[Date "2001.12.19"]
[Round "5"]
[White "Vanobbergh, Gregory"]
[Black "Calistri, Tristan"]
[Result "1-0"]
[WhiteElo "2105"]
[BlackElo "2324"]
[PlyCount "85"]
[EventDate "2001.12.15"]
[EventType "tourn"]
[EventRounds "9"]
[EventCountry "FRA"]
[EventCategory "3"]
[SourceTitle "CBM 085 Extra"]
[Source "ChessBase"]
[SourceDate "2002.01.21"]
[SourceVersion "1"]
[SourceVersionDate "2002.01.21"]
[SourceQuality "1"]

1. d4 Nf6 2. c4 g6 3. Nc3 Bg7 4. b4 c6 5. e3 a5 6. b5 d5 7. a4 0-0 8. Nf3 Bg4 9. h3 Bxf3 10. gxf3 c5 11. dxc5 Ne4 12. Nxe4 dxe4 13. Qxd8 Rxd8 14. Ra3 exf3 15. Bd3 Nd7 16. Be4 Nxc5 17. Bxf3 Rd7 18. 0-0 Rad8 19. Ra2 Be5 20. Ba3 Nb3 21. Bg2 Bd6 22. Bxd6 exd6 23. Bd5 Kf8 24. Kg2 Ke7 25. f4 Re8 26. Ra3 Nc5 27. f5 f6 28. fxg6 hxg6 29. e4 Rf8 30. Rf2 b6 31. h4 Kd8 32. Raf3 Rg7 33. Rxf6 Rxf6 34. Rxf6 Ke7 35. e5 Nxa4 36. Re6+ Kd7 37. Rxd6+ Ke7 38. Kg3 Rh7 39. Rxg6 Rh5 40. Re6+ Kd7 41. Kg4 Rh8 42. Rg6 Rh7 43. h5 1-0

[Event "Clichy Masters 13th"]
[Site "Clichy"]
[Date "2001.12.15"]
[Round "1"]
[White "Vanobbergh, Gregory"]
[Black "Inkiov, Ventzislav"]
[Result "0-1"]
[WhiteElo "2105"]
[BlackElo "2500"]
[PlyCount "107"]
[EventDate "2001.12.15"]
[EventType "tourn"]
[EventRounds "9"]
[EventCountry "FRA"]
[EventCategory "3"]
[SourceTitle "CBM 085 Extra"]
[Source "ChessBase"]
[SourceDate "2002.01.21"]
[SourceVersion "1"]
[SourceVersionDate "2002.01.21"]
[SourceQuality "1"]

1. d4 Nf6 2. c4 e6 3. Nc3 Bb4 4. e3 b6 5. Nf3 Bb7 6. Bd3 Ne4 7. Qb3 Bxc3+ 8. bxc3 0-0 9. Ba3 d6 10. d5 Nf6 11. dxe6 fxe6 12. 0-0-0 Qe7 13. c5 dxc5 14. Nd4 Bd5 15. Bc4 c6 16. f3 Qf7 17. Ne2 Nbd7 18. e4 Bxc4 19. Qxc4 Ne5 20. Qb3 c4 21. Qc2 c5 22. Kb1 Rfd8 23. Bc1 Nd3 24. Be3 Rd7 25. Rd2 Rad8 26. Rhd1 h6 27. Nf4 Nxf4 28. Bxf4 Nd5 29. exd5 Qxf4 30. Qe4 Qxe4+ 31. fxe4 exd5 32. exd5 Rd6 33. Kc2 Re8 34. Rf1 Re5 35. a4 Rdxd5 36. Rxd5 Rxd5 37. Rf4 Re5 38. Kd2 Rg5 39. g4 h5 40. h3 Rd5+ 41. Kc2 Rd3 42. h4 hxg4 43. Rxg4 Rh3 44. Rxc4 Kh7 45. a5 Kh6 46. axb6 axb6 47. Re4 g6 48. Rg4 b5 49. Kd2 Rh2+ 50. Kd3 Rh3+ 51. Kd2 c4 52. Rg5 Rxh4 53. Rxb5 Re4 54. Rd5 0-1